Catálogo

Memoria en torno a mis escritos / (Registro nro. 24539)

Detalles MARC
000 -LEADER
fixed length control field 01317cam a2200349 i 4500
001 - CONTROL NUMBER
control field 24539
003 - CONTROL NUMBER IDENTIFIER
control field Mx-PuUPA
005 - DATE AND TIME OF LATEST TRANSACTION
control field 20260130145648.0
008 - FIXED-LENGTH DATA ELEMENTS--GENERAL INFORMATION
fixed length control field 140415s2000 sp gr 001 0 spa d
017 ## - COPYRIGHT OR LEGAL DEPOSIT NUMBER
Copyright or legal deposit number M.: 43.394-2000
020 ## - INTERNATIONAL STANDARD BOOK NUMBER
International Standard Book Number 8474906016
040 ## - CATALOGING SOURCE
Transcribing agency Mx-PuUPA
Original cataloging agency Mx-PuUPA
Language of cataloging spa
Modifying agency Mx-PuUPA
Description conventions rda
041 1# - LANGUAGE CODE
Language code of text/sound track or separate title spa
Language code of original fre
100 1# - MAIN ENTRY--PERSONAL NAME
Personal name Lubac, Henri de,
Dates associated with a name 1896-1991
Relator term autor
9 (RLIN) 17800
240 10 - UNIFORM TITLE
Uniform title Mémoire sur l'occasion de mes écrits.
Language of a work Español
245 10 - TITLE STATEMENT
Title Memoria en torno a mis escritos /
Statement of responsibility, etc. Henri de Lubac ; traducción, Nicolás López Martínez
250 ## - EDITION STATEMENT
Edition statement Segunda edición revisada y aumentada
264 ## - PRODUCTION, PUBLICATION, DISTRIBUTION, MANUFACTURE, AND COPYRIGHT NOTICE
Place of production, publication, distribution, manufacture Madrid, España :
Name of producer, publisher, distributor, manufacturer Ediciones Encuentro,
Date of production, publication, distribution, manufacture, or copyright notice ©2000
300 ## - PHYSICAL DESCRIPTION
Extent 471 páginas ;
Dimensions 23 cm
336 ## - CONTENT TYPE
Fuente rdacontent
Content type term texto
Content type code txt
337 ## - MEDIA TYPE
Source rdamedia
Media type term sin medio
Media type code n
338 ## - CARRIER TYPE
Source rdacarrier
Carrier type term volumen
Carrier type code nc
490 0# - SERIES STATEMENT
Series statement Ensayos ;
Volume/sequential designation 153
600 ## - SUBJECT ADDED ENTRY--PERSONAL NAME
Personal name Lubac, Henri de, 1896-1991
General subdivision Biografías
600 ## - SUBJECT ADDED ENTRY--PERSONAL NAME
Personal name Lubac, Henri de, 1896-1991
General subdivision Diarios personales
650 #7 - SUBJECT ADDED ENTRY--TOPICAL TERM
Source of heading or term armarc
Topical term or geographic name entry element Teología
Chronological subdivision Siglo XX
9 (RLIN) 13986
700 1# - ADDED ENTRY--PERSONAL NAME
Personal name López Martínez, Nicolás,
Relator term traductor
765 0# - ORIGINAL LANGUAGE ENTRY
Main entry heading Lubac, Henri de
Title Mémoire sur l'occasion de mes écrits
Place, publisher, and date of publication Namur, Bélgica : Culture et Vérité, ©1992
942 ## - ADDED ENTRY ELEMENTS (KOHA)
Source of classification or shelving scheme Dewey Decimal Classification
Koha item type Libro
Classification part 282.092
Item part L2618
Existencias
Withdrawn status Lost status Source of classification or shelving scheme Damaged status Not for loan Collection code Home library Current library Shelving location Date acquired Source of acquisition Total Checkouts Full call number Barcode Price effective from Koha item type
    Dewey Decimal Classification     General Centro de Estudios en Ciencia y Religión Centro de Estudios en Ciencia y Religión Sala general 03/12/2013 Compra   282.092 L2618 2000 45837 03/12/2013 Libro